| 000 | 00523nam a2200181Ia 4500 | ||
|---|---|---|---|
| 003 | IN-BaIIA | ||
| 008 | 211028s9999 xx 000 0 eng d | ||
| 020 | _a0-7167-1153-2 | ||
| 040 | _cIIA Library | ||
| 080 |
_a524.882 _bKAU |
||
| 100 |
_aKaufmann, W. J _911133 |
||
| 245 | 0 |
_aBlack holes and warped spacetime _cW. J. Kaufmann |
|
| 260 |
_aSan Francisco _bW. H. Freeman _c1979 |
||
| 300 | _ax, 221p. | ||
| 650 |
_aBlack holes _97728 |
||
| 650 | _aNASA thesaurus | ||
| 942 | _cBK | ||
| 999 |
_c6840 _d6840 |
||